Here's looking at Euclid : (Record no. 102832)
[ view plain ]
| 000 -LEADER | |
|---|---|
| fixed length control field | 00594nam a2200169 a 4500 |
| 005 - DATE AND TIME OF LATEST TRANSACTION | |
| control field | 20140412111243.0 |
| 008 - FIXED-LENGTH DATA ELEMENTS--GENERAL INFORMATION | |
| fixed length control field | 001113s19uu xx 00 eng d |
| 020 ## - INTERNATIONAL STANDARD BOOK NUMBER | |
| International Standard Book Number | 0-86576-092-6 |
| 050 ## - LIBRARY OF CONGRESS CALL NUMBER | |
| Classification number | TR(GS 516 |
| Item number | P44 1985 |
| 100 ## - MAIN ENTRY--PERSONAL NAME | |
| Personal name | Petit, Jean-Pierre |
| 245 ## - TITLE STATEMENT | |
| Title | Here's looking at Euclid : |
| Remainder of title | (and not looking at Euclid) / |
| Statement of responsibility, etc | Jean-Pierre Petit ; translated by Ian Stewart ; edited by Wendy Campbell. |
| 260 ## - PUBLICATION, DISTRIBUTION, ETC. (IMPRINT) | |
| Place of publication, distribution, etc | Los Altos, CA : |
| Name of publisher, distributor, etc | W. Kaufman, |
| Date of publication, distribution, etc | 1985. |
| 300 ## - PHYSICAL DESCRIPTION | |
| Extent | 63 p. ; chiefly ill. |
| 440 ## - SERIES STATEMENT/ADDED ENTRY--TITLE | |
| Title | The Adventures of Archibald Higgins |
| 650 ## - SUBJECT ADDED ENTRY--TOPICAL TERM | |
| Topical term or geographic name as entry element | Geometry -- Popular works |
| Withdrawn status | Lost status | Damaged status | Home library | Current library | Shelving location | Date acquired | Source of acquisition | Total Checkouts | Full call number | Barcode | Date last seen | Price effective from | Koha item type |
|---|---|---|---|---|---|---|---|---|---|---|---|---|---|
| Elizalde Library | Elizalde Library | Teachers Reference Section | 11/13/2000 | TR(GS 516 P44 1985 | E2929 | 04/12/2014 | 04/12/2014 | Books |